00521cam a2200169 a 4500008004100000020002200041100002100063245010300084260005400187300003400241650002300275650001300298650001300311003000100324005001700325040000900342  a1841101362 (pbk.)1 aJohnson, Reuben.10aAnatomy tutor for surgeons in training :ba multiple choice tutor in anatomy /cReuben D. Johnson. aLondon :bGreenwich Medical Media Limited,cc2003 axiii,157 p. :bill. ;c27 cm. 0aAnatomy, Surgical. 2aAnatomy. 2aSurgery.20230120204147.0 cNUST